| 000 | 00428pab a2200169 454500 | ||
|---|---|---|---|
| 008 | 180718b2007 xxu||||| |||| 00| 0 eng d | ||
| 100 | _aPatel, Tulsi | ||
| 245 | _aInformal social networks, Sonography and female foeticide in India | ||
| 260 | _c2007 | ||
| 300 | _ap.243-62. | ||
| 362 | _aMay-Aug | ||
| 650 | _aFoeticide - India | ||
| 650 | _aFoeticide | ||
| 773 | _aSociological Bulletin | ||
| 908 | _aN | ||
| 909 | _a76143 | ||
| 999 |
_c76143 _d76143 |
||